American literature : A world view /
Kaydedildi:
| Yazar: | |
|---|---|
| Materyal Türü: | Sách giấy |
| Dil: | English |
| Baskı/Yayın Bilgisi: |
New York :
New York University Press,
1968.
|
| Etiketler: |
Etiketle
Etiket eklenmemiş, İlk siz ekleyin!
|
| Thư viện lưu trữ: | Thư viện Trường Đại học Đà Lạt |
|---|
| LEADER | 00618nam a2200265 4500 | ||
|---|---|---|---|
| 001 | DLU120143614 | ||
| 005 | ##20121109 | ||
| 040 | # | # | |a DLU |b vie |
| 041 | # | # | |a eng |
| 044 | # | # | |a us |
| 082 | # | # | |a 810 |b WA-W |
| 100 | # | # | |a Wager, Willis. |
| 245 | # | # | |a American literature : |b A world view / |c Willis Wager. |
| 260 | # | # | |a New York : |b New York University Press, |c 1968. |
| 300 | # | # | |a x, 292 p. ; |c 22 cm. |
| 923 | # | # | |a 100/2010 |
| 992 | # | # | |a 0 |
| 994 | # | # | |a DLU |
| 900 | # | # | |a True |
| 911 | # | # | |a Đào Thị Thu Huyền |
| 925 | # | # | |a G |
| 926 | # | # | |a A |
| 927 | # | # | |a SH |
| 980 | # | # | |a Thư viện Trường Đại học Đà Lạt |